L'amore principio di vita sociale (Record no. 210081)
[ view plain ]
| 000 -LEADER | |
|---|---|
| fixed length control field | 01358nam a2200217Ia 4500 |
| 001 - CONTROL NUMBER | |
| control field | b6914-50067 |
| 003 - CONTROL NUMBER IDENTIFIER | |
| control field | IT-MiCISF |
| 008 - FIXED-LENGTH DATA ELEMENTS--GENERAL INFORMATION | |
| fixed length control field | 161014s9999||||xx |||||||||||||| ||und|| |
| 040 ## - CATALOGING SOURCE | |
| Original cataloging agency | IT-MiCISF |
| Transcribing agency | IT-MiCISF |
| 041 ## - LANGUAGE CODE | |
| Language code of text/sound track or separate title | it |
| 999 ## - SYSTEM CONTROL NUMBERS (KOHA) | |
| Koha Dewey Subclass [OBSOLETE] | si |
| 100 ## - MAIN ENTRY--PERSONAL NAME | |
| Personal name | Perez-Soba Juan José (a cura di) |
| 245 #0 - TITLE STATEMENT | |
| Title | L'amore principio di vita sociale |
| Remainder of title | Caritas Aedificat (1 cor 8,1) |
| 250 ## - EDITION STATEMENT | |
| Edition statement | 1a ed. |
| 260 ## - PUBLICATION, DISTRIBUTION, ETC. (IMPRINT) | |
| Place of publication, distribution, etc. | Siena |
| Name of publisher, distributor, etc. | Cantagalli |
| Date of publication, distribution, etc. | 2011 |
| 300 ## - PHYSICAL DESCRIPTION | |
| Extent | pp. 427 |
| 500 ## - GENERAL NOTE | |
| General note | Melina L., Perez-Soba J.J., Magdic M., Kwasnieski P.A., Prieto Lucena A., Donati P., Somme L.T., Kampowski S., Archer M.S., Felice F., Harold P.J., Binasco M., Diriart A., Guerzoni G., De Dios Larrù J., Malaspina L.D. / amore, società, chiesa, teologia / L'amore, che sembra la forza principale per la vita umana, non è forse troppo debole per la costruzione di una società complessa come la nostra? Il sistema di giustizia vigente nelle nostre società non lo ha forse messo da parte come superfluo? La risposta di San Paolo è chiara: "la carità edifica" (1Cor 8,1) la Chiesa e, per analogia, qualunque società. L'amore, con il suo valore conoscitivo, precede ogni azione umana ed è il fondamento delle relazioni personali essenziali per la vita sociale. |
| 650 ## - SUBJECT ADDED ENTRY--TOPICAL TERM | |
| Topical term or geographic name as entry element | Temi di pastorale / pastorale |
| Relator term | 012 |
| 700 ## - ADDED ENTRY--PERSONAL NAME | |
| Personal name | Magdic Marija (a cura di) |
| 942 ## - ADDED ENTRY ELEMENTS (KOHA) | |
| Koha item type | LIBRO |
| 957 ## - | |
| -- | 1 |
| 999 ## - SYSTEM CONTROL NUMBERS (KOHA) | |
| -- | 1 |
| Withdrawn status | Lost status | Damaged status | Not for loan | Home library | Current library | Date acquired | Total Checkouts | Full call number | Date last seen | Price effective from | Koha item type | Public note |
|---|---|---|---|---|---|---|---|---|---|---|---|---|
| Buone Condizioni | Not For Loan | CISF - Milano | CISF - Milano | 14/10/2016 | b6914-50067 | 14/10/2016 | 14/10/2016 | LIBRO | Data import 15.10.2016 / by Epidotti, Vaglietti |